Riconosci il Pokémon - Quiz n°968 - Statistics

Statistiche generali
  • Questo quiz è stato fatto 4 volte
  • Il punteggio medio è 8 su 10
Statistiche sulle risposte
Indizio Risposta % Corretto
Abilità Incantevole; Tenacia; Amicoscudo
100%
Tipo Normale / Folletto
100%
Generazione Seconda
100%
Altezza 0,3 m
75%
Peso 1,0 kg
75%
Tasso di cattura 170 (32.4%)
75%
Sesso 25% ♂, 75% ♀
75%
Stadio evoluzione Forma Baby
75%
Tasso di allevamento Veloce
75%
Pokémon Igglybuff
50%
Nessun quiz corrispondente trovato
Distribuzione punteggi
Percentuale di utenti per punteggio
Percentile per numero di risposta
I tuoi punteggi nel tempo
Non hai fatto questo quiz